UBT Library

SYSTEMATICS ASSESSMENT OF LEARNING OUTCOMES: DEVELOPING MULTIPLE- CHOICE EXAMS (Record no. 29184)

000 -LEADER
fixed length control field 00347nam a22001337a 4500
008 - FIXED-LENGTH DATA ELEMENTS--GENERAL INFORMATION
fixed length control field 170922b xxu||||| |||| 00| 0 eng d
020 ## - INTERNATIONAL STANDARD BOOK NUMBER
International Standard Book Number 9780763711740
041 ## - LANGUAGE CODE
Language code of text/sound track or separate title eng
080 ## - UNIVERSAL DECIMAL CLASSIFICATION NUMBER
Universal Decimal Classification number 37
100 ## - Rafti
Rafti 46
101 ## - Shkurtesa
Shkurtesa EDU
245 ## - TITLE STATEMENT
Title SYSTEMATICS ASSESSMENT OF LEARNING OUTCOMES: DEVELOPING MULTIPLE- CHOICE EXAMS
Statement of responsibility, etc DONALD,M,E
942 ## - ADDED ENTRY ELEMENTS (KOHA)
Source of classification or shelving scheme
Item type Books
Holdings
Withdrawn status Lost status Source of classification or shelving scheme Damaged status Not for loan Collection code Permanent location Current location Shelving location Date acquired Total Checkouts Full call number Barcode Date last seen Price effective from Koha item type
          Koleksioni i përgjithshem UBT - Lipjan UBT - Lipjan Koleksioni i përgjithshem 09/22/2017   37 DON 002-2926800 09/22/2017 09/22/2017 Books
UBT Library © 2015-2024. All rights reserved University Education for Business and Technology